Nimeä Tv-sarjat - Statistics

Yleistilastot
  • Tätä visaa on pelattu 104 kertaa
  • Keskiarvotulos 8 / 20
Vastaustilastot
Kuvavisa Vastaus % Oikein
Breaking bad
82%
Game of thrones
72%
Stranger things
65%
Avatar the last airbender
63%
The office
61%
South park
60%
Peaky blinders
55%
Rick and morty
52%
Better call saul
42%
Sopranos
38%
The walking dead
33%
Lost
32%
Bojack horseman
29%
The mandalorian
25%
Twin peaks
17%
Gravity falls
10%
Adventure time
6%
Attack on titan
6%
The wire
5%
Cowboy bebop
1%
Ehtoja vastaavia visoja ei löytynyt
Tulosjakauma
Jokaisen tuloksen saaneiden osuus
Persentiili vastausten määrän mukaan
Tuloshistoriasi
Et ole pelannut tätä visaa